000
00339nam a22001457a 4500
008
210309b ||||| |||| 00| 0 eng d
020
_a
9780781767491
041
_a
eng
080
_2
11th
_a
610.73
082
_a
610.73
100
_a
1
101
_a
INF
245
_a
Textbook of Medical-Surgical Nursing
_c
Johnson, J.Y
942
_2
udc
_c
BK
999
_c
56058
_d
56058